Responses for Show #6795 - Friday, March 14, 2014

Contestants

[<< previous game]

Cameron Yahr, a university administrator from Encinitas, California

Thad McCollum, a door person from Orlando, Florida

Matt Kish, a high school history teacher from Brunswick, Ohio (whose 1-day cash winnings total $23,201)

[next game >>]

Jeopardy! Round responses

CONTEMPORARIES
BILLIARDS SHOTS
CELEBS CELEBRATING
OH, "SNAP"
POTPOURRI
CLOSE QUARTERS
    $200 7
(Richard) Wagner

Cameron
    $200 26
the break

Thad
    $200 1
Charlie Sheen

Thad
    $200 6
(Matt: What is a camera?)
...
(Alex: [*], yes, "SNAP" in quotation marks.)

a snapshot

MattThad
    $200 16
Twitter

Thad
    $200 21
Alaska

Matt
    $400 8
Galileo

Thad
    $400 27
a bank

Thad
    $400 2
DiCaprio

Matt
    $400 12
a whippersnapper

Matt
    $400 17
dogs

Matt
    $400 22
Minnesota

Cameron
    $600 9
(Thad: Who is Curie?)
(Alex: Which one?)
(Thad: Madame.)

Marie Curie

ThadCameron
    $600 28
a combination

Matt
    $600 3
(Alex: He's the one!)

Eli Manning

Matt
    $600 13
Snapple

Cameron
    $600 18
Secret

Thad
    $600 23
California

Cameron
    $800 10
(Cameron: Who is Churchill?)

T.E. Lawrence (Lawrence of Arabia)

Cameron
Triple Stumper
    $800 29
a called shot

Thad
    $800 4
Beyonce & Jay-Z

Cameron
    $800 14
a ginger snap

Cameron
    $800 19
Tolkien

Thad
    $2,000 24
Indiana

Cameron
    $1000 11
Frederick the Great

Triple Stumper
    $1000 30
a jump shot

Thad
    $1000 5
Hilary Swank

Matt
    $1000 15
red snapper

Thad
    $1000 20
a Copperhead

Matt
    $1000 25
Iowa

Cameron

Scores at the first commercial break (after clue 15):

Matt Thad Cameron
$2,200 $1,200 $2,200

Scores at the end of the Jeopardy! Round:

Matt Thad Cameron
$4,400 $5,200 $6,200

Double Jeopardy! Round responses

PONY EXPRESSIONS
BASEBALL TEAMS
MORE THAN ONE MEANING
REVOLUTIONARY COUNTRIES
"P"SCIENTISTS
CLOSE QUARTERS
    $400 23
Yankee Doodle

Thad
    $400 1
the St. Louis Cardinals

Thad
    $400 11
butt

Thad
    $400 6
China

Cameron
    $400 16
(Louis) Pasteur

Matt
    $400 17
Thanksgiving

Thad
    $800 24
Richard III

Cameron
    $800 2
the Cleveland Indians

Thad
    $800 12
pump

Thad
    $800 7
the United Kingdom of Great Britain

Matt
    $800 22
Pavlov

Thad
    $800 18
Twister

Cameron
    $1200 25
Revelation

Matt
    $1200 3
the Pittsburgh Pirates

Matt
    $1200 13
moor

Cameron
    $1200 8
Russia

Thad
    $1200 26
Linus Pauling

Triple Stumper
    $1200 19
(Alex: Yes, not far from here.)

Los Angeles

Matt
    $2,000 27
(Matt: Who is Tony?)
(Alex: No, it had to rhyme with "a mile away". The pony's color was [*].)

Dapple Gray

Matt
    $1600 4
the Washington Nationals

Matt
    $1600 14
sound

Thad
    $1600 9
Lebanon

Matt
    $1600 29
(Matt: Who is Boyle?)

Joseph Priestley

Matt
Triple Stumper
    $1600 20
(Thad: What is Mexico City?)
(Cameron: What is Beijing?)

Tokyo

ThadCameron
Triple Stumper
    $2000 28
the id

Thad
    $4,000 5
Cincinnati

Matt
    $2000 15
font

Cameron
    $2000 10
the Ukraine

Matt
    $2000 30
(Max) Planck

Thad
    $2000 21
(Matt: What is a pilgrimage?)
(Alex: Be more specific.)
(Matt: A pilgrimage to Mecca?)
(Alex: No.)
[Matt chuckles.]

the hajj

MattCameron

Scores at the end of the Double Jeopardy! Round:

Matt Thad Cameron
$12,800 $14,400 $11,800

[wagering suggestions for these scores]

Final Jeopardy! Round responses

ACTORS & OSCARS
(Alex: He's going for John--who were you going for?)
(Thad: Barrymore.)
(Alex: John Barrymore? No, but it's another classical actor named [*].)
CameronWho is Gregory Peck
$11,800
MattWho is Clark Gable
$10,801
ThadWho is John
$12,000
Sir Laurence Olivier

Final scores:

Matt Thad Cameron
$1,999 $2,400 $0
2nd place: $2,000 New champion: $2,400 3rd place: $1,000

Game dynamics:

Coryat scores:

Matt Thad Cameron
$12,800 $14,400 $10,600
17 R
(including 1 DD),
4 W
(including 1 DD)
22 R,
2 W
15 R
(including 1 DD),
2 W

Combined Coryat: $37,800

[game clues] [game scores] [suggest correction]

Game tape date: 2013-11-20
The J! Archive is created by fans, for fans. Scraping, republication, monetization, and malicious use prohibited; this site may use cookies and collect identifying information. See terms. The Jeopardy! game show and all elements thereof, including but not limited to copyright and trademark thereto, are the property of Jeopardy Productions, Inc. and are protected under law. This website is not affiliated with, sponsored by, or operated by Jeopardy Productions, Inc. Join the discussion at JBoard.tv.